| 000 | 01045cab a2200313 4500 | ||
|---|---|---|---|
| 001 | WB3114-20 | ||
| 008 | 090401t1995 xxu||||| |||| 00| 0 eng d | ||
| 035 | _a(Sirsi) u46175 | ||
| 041 | _aeng | ||
| 245 | _aEnglish Heritage privatisation | ||
| 260 | _c1995 | ||
| 350 | _a0 | ||
| 490 |
_aSunday Telegraph _v2 April 1995, 1 |
||
| 490 |
_aBuilding Design _v(1214) 31 March 1995, 1 |
||
| 490 |
_aTimes _v4 March 1995, 5(3) |
||
| 520 | _a100 professional staff and 250 skilled tradesmen at English Heritage are to be transferred to the private sector as part of a plan to contract out maintenance and repair of national monuments. | ||
| 650 | _aANCIENT MONUMENTS | ||
| 650 | _aENGLISH HERITAGE | ||
| 650 | _aHISTORIC PROPERTIES RESTORATION | ||
| 650 | _aBUILT ENVIRONMENT-BUILDING MAINTENANCE AND REFURBISHMENT | ||
| 650 | _aNATIONAL MONUMENTS | ||
| 650 | _aPRIVATISATION | ||
| 650 | _aRESTORATION | ||
| 650 | _aSWANSTON ROY | ||
| 690 | _aCONSERVATION | ||
| 690 | _aECONOMIC AND SOCIAL | ||
| 942 | _n0 | ||
| 948 | _c04/03/1997 | ||
| 999 |
_c29219 _d29219 |
||